| 000 | 00708nam a2200289Ia 4500 | ||
|---|---|---|---|
| 005 | 20260324140149.0 | ||
| 008 | 008 260324s9999 xx 000 0 eng d | ||
| 020 | _a9780203982310 | ||
| 037 | _aEBOOK | ||
| 040 | _aCRL | ||
| 040 | _beng | ||
| 040 | _cCRL | ||
| 041 | _2eng | ||
| 041 | _aeng | ||
| 084 | _qCRL | ||
| 100 |
_aGerard Friell; Stephen Williams _91203370 |
||
| 245 | 4 | _aThe Rome that Did Not Fall | |
| 245 | 4 | _bThe Survival of the East in the Fifth Century | |
| 260 | _bTaylor and Francis | ||
| 260 | _c1999 | ||
| 365 | _a | ||
| 365 | _b230 | ||
| 856 | _uhttp://www.taylorfrancis.com/books/9780203982310 | ||
| 942 | _cEBOOK | ||
| 999 |
_c1805134 _d1805134 |
||